Allgemeinwissen Richtig oder Falsch #1 - Statistiken

Allgemein
  • Dieses Quiz wurde 691 mal gespielt
  • Das Durchschnittsergebnis liegt bei 12 aus 18
Antwortstatistiken
Frage Antwort % Korrekt
Kanada ist das größte Land der Welt nach Fläche. Falsch
91%
Es gibt mehr Bäume als Menschen auf dem Planeten Erde. Richtig
86%
Der Film 'Der Zauberer von Oz' basiert auf einem Buch. Richtig
85%
Papageien können länger leben als Hunde. Richtig
83%
Der Plural von "Komma" ist "Kommata". Richtig
81%
Es gibt Eisbären, die in der Antarktis leben. Falsch
78%
In seinen jüngeren Jahren war William Shakespeare ein Pirat. Falsch
78%
Vampirfledermäuse sind echt. Richtig
78%
Schimpansen haben Schwänze. Falsch
71%
Lambda ist ein griechischer Buchstabe. Richtig
68%
Jericho befindet sich in Ägypten. Falsch
67%
Sie können Jupiter von der Erde aus ohne Teleskop sehen. Richtig
62%
Tahiti ist ein unabhängiges Land. Falsch
59%
Die Lichtgeschwindigkeit beträgt etwa 300.000 Kilometer pro Stunde. Falsch
52%
Weniger als 1% der Weltbevölkerung ist jüdisch. Richtig
50%
Margaret Thatcher war Vorsitzende der Labour Party in Großbritannien. Falsch
44%
Hummer ist koscher. Falsch
39%
Die Kathedrale Notre Dame in Paris hat fliegende Strebebögen. Richtig
36%
Keine übereinstimmenden Quizze gefunden
Verteilung der Resultate
Anzahl Personen mit jedem Resultat
Perzentil nach korrekt beantworteten Fragen
Ihre Resultats-Entwicklung
Sie haben dieses Quiz noch nicht gespielt